000
00316nam a2200133Ia 4500
008
240624s9999 xx 000 0 und d
041
_a
eng
082
_a
823 SIL
100
_a
SILVA DANIEL
245
_a
HOUSE OF SPIES
260
_c
2017
_a
New Delhi
_b
HarperCollins
300
_a
526 p.; 19 cm.
365
_c
RS
_b
27.5
999
_c
29518
_d
29518